American dignitaries autograph collection, (Record no. 43442)

MARC details
000 -LEADER
fixed length control field 00839cpcaa2200241 4500
001 - CONTROL NUMBER
control field mm 82011411
003 - CONTROL NUMBER IDENTIFIER
control field DLC
005 - DATE AND TIME OF LATEST TRANSACTION
control field 20260227111712.0
008 - FIXED-LENGTH DATA ELEMENTS--GENERAL INFORMATION
fixed length control field 821130|||||||||||| eng
010 ## - LIBRARY OF CONGRESS CONTROL NUMBER
LC control number mm 82011411
040 ## - CATALOGING SOURCE
Original cataloging agency DLC
Transcribing agency DLC
Description conventions dacs
Modifying agency DLC
072 #7 - SUBJECT CATEGORY CODE
Subject category code N
Source lcmd
245 00 - TITLE STATEMENT
Title American dignitaries autograph collection,
Inclusive dates 18th-20th centuries.
300 ## - PHYSICAL DESCRIPTION
Extent 400
Type of unit items.
300 ## - PHYSICAL DESCRIPTION
Extent 1
Type of unit container.
506 0# - RESTRICTIONS ON ACCESS NOTE
Terms governing access Open to research.
520 8# - SUMMARY, ETC.
Summary, etc. Collection consisting of the autographs of American dignitaries.
546 ## - LANGUAGE NOTE
Language note Collection material in English.
650 #0 - SUBJECT ADDED ENTRY--TOPICAL TERM
Topical term or geographic name entry element Autographs
Geographic subdivision United States.

No items available.

Powered by Koha